Dear Jubilee -RADWIMPS TRIBUTE- - Statistics

General Stats
  • This quiz has been taken 7 times
  • The average score is 11 of 14
Answer Stats
Hint Answer % Correct
12 Vaundy 前前前世
100%
14 角野隼斗 すずめ
100%
3 米津玄師 トレモロ
83%
5 ずっと真夜中でいいのに。 有心論
83%
6 My Hair is Bad いいんですか?
83%
7 宮本浩次 おしゃかしゃま
83%
9 Mrs.Green Apple 狭心症
83%
11 YOASOBI 会心の一撃
83%
13 ハナレグミ そっけない
83%
2 SEKAI NO OWARI 最大公約数
67%
4 iri ふたりごと
67%
8 DISH// 携帯電話
67%
1 上白石萌音 25コ目の染色体
67%
10 ヨルシカ DARMA GRAND PRIX
67%
No matching quizzes found
Score Distribution
Percent of People with Each Score
Percentile by Number Answered
Your Score History
You have not taken this quiz